[Event "North American-ch U20"]
[Site "Kitchener CAN"]
[Date "2014.08.02"]
[Round "6.12"]
[White "Vettese, Nicholas"]
[Black "Calugar, Arthur"]
[Result "0-1"]
[WhiteElo "1916"]
[BlackElo "2295"]
[PlyCount "56"]
[GameId "2160767909061153"]
[EventDate "2014.07.31"]
[EventType "swiss"]
[EventRounds "9"]
[EventCountry "CAN"]
[SourceTitle "EXT 2022"]
[Source "ChessBase"]
[SourceDate "2021.10.06"]
[SourceVersion "1"]
[SourceVersionDate "2021.10.06"]
[SourceQuality "1"]

1. e4 c5 2. Nf3 Nc6 3. d4 cxd4 4. Nxd4 Nf6 5. Nc3 d6 6. Bg5 e6 7. f4 Qb6 8. Nxc6 bxc6 9. Qd2 Qxb2 10. Rb1 Qa3 11. Bxf6 gxf6 12. Be2 Ba6 13. Rb3 Qa5 14. O-O d5 15. Bxa6 Qxa6 16. Re1 Bc5+ 17. Kh1 d4 18. Ne2 Rd8 19. f5 e5 20. Qh6 Ke7 21. Ng3 Bb6 22. Nh5 Rd6 23. Rg3 Qxa2 24. Qg7 Rf8 25. Qxh7 Qxc2 26. Rg8 Rxg8 27. Qxg8 d3 28. Qc8 d2 0-1

[Event "North American-ch U20"]
[Site "Kitchener CAN"]
[Date "2014.08.03"]
[Round "7.16"]
[White "Cai, Jason"]
[Black "Vettese, Nicholas"]
[Result "1/2-1/2"]
[WhiteElo "1850"]
[BlackElo "1916"]
[PlyCount "157"]
[GameId "2160767909061181"]
[EventDate "2014.07.31"]
[EventType "swiss"]
[EventRounds "9"]
[EventCountry "CAN"]
[SourceTitle "EXT 2022"]
[Source "ChessBase"]
[SourceDate "2021.10.06"]
[SourceVersion "1"]
[SourceVersionDate "2021.10.06"]
[SourceQuality "1"]

1. e4 c5 2. Nc3 a6 3. f4 e6 4. g3 d5 5. Bg2 dxe4 6. Nxe4 Nd7 7. Nf3 Ngf6 8. d3 Qc7 9. O-O g6 10. c3 Bg7 11. a4 O-O 12. Qe2 b6 13. Nxf6+ Nxf6 14. Ng5 Bb7 15. Ne4 Rfd8 16. Be3 a5 17. Rfd1 Rd7 18. Rac1 Rad8 19. Bf3 Qb8 20. Qc2 Qa8 21. Nxf6+ Bxf6 22. Bxb7 Qxb7 23. Kf2 Qd5 24. Rd2 Qf5 25. Rcd1 Qh3 26. Kg1 h5 27. Rg2 Kg7 28. Qb1 h4 29. Qc2 hxg3 30. hxg3 Rh8 31. Kf2 Rh5 32. d4 Rhd5 33. Rd2 Qf5 34. Qxf5 gxf5 35. b3 cxd4 36. cxd4 Bxd4 37. Kf3 Bxe3 38. Rxd5 Rxd5 39. Kxe3 Rc5 40. Kd3 f6 41. g4 Kg6 42. g5 e5 43. gxf6+ Kxf6 44. fxe5+ Kxe5 45. Rf2 Rd5+ 46. Ke3 Rd1 47. Rc2 f4+ 48. Ke2 Rd4 49. Rc8 Rb4 50. Rc3 Ke4 51. Rd3 Rd4 52. Rh3 Kf5 53. Rh8 Rb4 54. Rh3 Kg4 55. Rd3 Re4+ 56. Kf2 Re6 57. Rc3 Rd6 58. Ke2 Rd4 59. Rc8 Rb4 60. Rc3 Kf5 61. Rd3 Ke4 62. Rc3 Rd4 63. Rh3 Rd6 64. Rc3 Rh6 65. Rc4+ Kf5 66. b4 axb4 67. Rxb4 Kg4 68. Kf2 Rh2+ 69. Kg1 Ra2 70. Rxb6 Rxa4 71. Rb3 Ra1+ 72. Kf2 Ra2+ 73. Kf1 Rh2 74. Ra3 Rb2 75. Rc3 Rb1+ 76. Kf2 Rb4 77. Ra3 Rb2+ 78. Kf1 Rb4 79. Kf2 1/2-1/2

[Event "North American-ch U20"]
[Site "Kitchener CAN"]
[Date "2014.08.03"]
[Round "8.16"]
[White "Vettese, Nicholas"]
[Black "Guo, Thomas"]
[Result "1-0"]
[WhiteElo "1916"]
[BlackElo "1736"]
[PlyCount "87"]
[GameId "2160767909061205"]
[EventDate "2014.07.31"]
[EventType "swiss"]
[EventRounds "9"]
[EventCountry "CAN"]
[SourceTitle "EXT 2022"]
[Source "ChessBase"]
[SourceDate "2021.10.06"]
[SourceVersion "1"]
[SourceVersionDate "2021.10.06"]
[SourceQuality "1"]

1. e4 e5 2. Nf3 Nc6 3. Bc4 Nf6 4. d3 Bc5 5. c3 O-O 6. O-O d6 7. h3 a6 8. Bb3 Bd7 9. Re1 b5 10. a3 Ba7 11. Bc2 Re8 12. d4 exd4 13. cxd4 Bc8 14. Nc3 Ne7 15. Bg5 Ng6 16. Nd5 Bb7 17. Nxf6+ gxf6 18. Bd2 c5 19. Bc3 cxd4 20. Nxd4 d5 21. Nf5 dxe4 22. Qh5 Bc5 23. Nh6+ Kg7 24. Ng4 Be7 25. Bxe4 Bxe4 26. Rxe4 Ne5 27. Nxe5 fxe5 28. Rg4+ Kh8 29. Qxf7 Bf6 30. Re1 Rf8 31. Qb7 Rg8 32. Rxg8+ Qxg8 33. Rxe5 Bg7 34. Rg5 Bxc3 35. Rxg8+ Rxg8 36. bxc3 Rg6 37. f4 Kg8 38. f5 Rf6 39. g4 h6 40. h4 h5 41. Qd5+ Kg7 42. g5 Rf7 43. f6+ Kg6 44. Qe4# 1-0

[Event "North American-ch U20"]
[Site "Kitchener CAN"]
[Date "2014.08.04"]
[Round "9.13"]
[White "Liao, Simone"]
[Black "Vettese, Nicholas"]
[Result "1-0"]
[WhiteElo "2027"]
[BlackElo "1916"]
[PlyCount "53"]
[GameId "2160767909061226"]
[EventDate "2014.07.31"]
[EventType "swiss"]
[EventRounds "9"]
[EventCountry "CAN"]
[SourceTitle "EXT 2022"]
[Source "ChessBase"]
[SourceDate "2021.10.06"]
[SourceVersion "1"]
[SourceVersionDate "2021.10.06"]
[SourceQuality "1"]

1. e4 c5 2. Nc3 a6 3. g4 b5 4. Bg2 Bb7 5. d3 e6 6. Nh3 b4 7. Ne2 d5 8. O-O Nd7 9. exd5 Bxd5 10. Bxd5 exd5 11. Nhf4 Nb6 12. Ng3 Ne7 13. Re1 g6 14. a3 a5 15. axb4 axb4 16. Rxa8 Qxa8 17. Qe2 Qb8 18. Nh3 Qd6 19. Bf4 Qc6 20. g5 Nd7 21. c4 dxc4 22. dxc4 f5 23. gxf6 Nxf6 24. Ng5 Qd7 25. Ne6 Qa7 26. Bd6 Nfg8 27. Qe5 1-0

[Event "CAN-op U2400"]
[Site "Montreal CAN"]
[Date "2014.07.20"]
[Round "2"]
[White "Vettese, Nicholas"]
[Black "Lebeau, Gilbert"]
[Result "1-0"]
[WhiteElo "1916"]
[BlackElo "1998"]
[PlyCount "87"]
[GameId "2160767909069714"]
[EventDate "2014.07.19"]
[EventType "swiss"]
[EventRounds "9"]
[EventCountry "CAN"]
[SourceTitle "EXT 2022"]
[Source "ChessBase"]
[SourceDate "2021.10.06"]
[SourceVersion "1"]
[SourceVersionDate "2021.10.06"]
[SourceQuality "1"]

1. e4 e6 2. d4 d5 3. Nc3 Nf6 4. exd5 exd5 5. Bd3 Nc6 6. Nf3 Bg4 7. Be2 Bb4 8. O-O h6 9. Bf4 O-O 10. Ne5 Bxe2 11. Nxe2 Ne7 12. c3 Bd6 13. Qd3 Bxe5 14. Bxe5 Ng6 15. Bg3 Qd7 16. Nf4 Ne7 17. Rfe1 Nf5 18. Re5 Nxg3 19. Qxg3 c6 20. Nh5 Nxh5 21. Rxh5 Rfe8 22. Rxh6 Re2 23. Rh5 Rae8 24. h3 Qe7 25. Re5 Rxe5 26. Qxe5 Qxe5 27. dxe5 Rxe5 28. Kf1 g5 29. Re1 Rxe1+ 30. Kxe1 a5 31. Ke2 Kg7 32. Ke3 c5 33. f4 f6 34. fxg5 fxg5 35. g3 Kf6 36. h4 gxh4 37. gxh4 Kf5 38. h5 b5 39. h6 Kg6 40. Kf4 b4 41. cxb4 axb4 42. a4 c4 43. Ke3 d4+ 44. Kxd4 1-0

[Event "CYCC U10"]
[Site "Montreal CAN"]
[Date "2014.07.17"]
[Round "6"]
[White "Vettese, Nicholas"]
[Black "England, Max"]
[Result "1-0"]
[WhiteElo "1921"]
[BlackElo "1428"]
[PlyCount "95"]
[GameId "2160767909078198"]
[EventDate "2014.07.15"]
[EventType "swiss"]
[EventRounds "7"]
[EventCountry "CAN"]
[SourceTitle "hb 2014"]

1. e4 e5 2. Nf3 Nc6 3. Bc4 Bc5 4. c3 Nf6 5. d3 d6 6. h3 Be6 7. Bb3 O-O 8. O-O Bb6 9. Bg5 Kh8 10. Re1 Qd7 11. Bxe6 fxe6 12. d4 exd4 13. cxd4 Rac8 14. Nc3 Ba5 15. Rc1 Ne7 16. Qb3 c6 17. e5 Bxc3 18. exf6 gxf6 19. bxc3 fxg5 20. Nxg5 Nd5 21. c4 Nf4 22. g3 Nh5 23. c5 d5 24. Qe3 Ng7 25. Nf3 Nf5 26. Qe5+ Qg7 27. g4 Qxe5 28. Rxe5 Ng7 29. Kg2 Rf4 30. Rc3 Rcf8 31. Rb3 R8f7 32. Kg3 R4f6 33. Re2 Kg8 34. Ne5 Re7 35. Reb2 h5 36. Rxb7 Rxb7 37. Rxb7 h4+ 38. Kxh4 Rxf2 39. Rxa7 Rf4 40. Ra8+ Kh7 41. Rh8+ Kxh8 42. Ng6+ Kg8 43. Nxf4 Kf7 44. Nd3 Ne8 45. Kg5 Nf6 46. Ne5+ Kg7 47. Nxc6 Ne4+ 48. Kf4 1-0

[Event "CYCC U10"]
[Site "Montreal CAN"]
[Date "2014.07.18"]
[Round "7"]
[White "Wu, Nicholas"]
[Black "Vettese, Nicholas"]
[Result "0-1"]
[WhiteElo "1320"]
[BlackElo "1943"]
[PlyCount "66"]
[GameId "2160767909078199"]
[EventDate "2014.07.15"]
[EventType "swiss"]
[EventRounds "7"]
[EventCountry "CAN"]

1. e4 c5 2. Nc3 Nc6 3. Bb5 g6 4. Bxc6 bxc6 5. f4 Bg7 6. Nf3 d6 7. O-O e6 8. d3 Ne7 9. Qe1 O-O 10. Qh4 Ba6 11. f5 exf5 12. Bh6 f6 13. Bxg7 Kxg7 14. Rae1 Qb6 15. exf5 c4+ 16. Qf2 Nxf5 17. Qxb6 axb6 18. dxc4 Bxc4 19. Rf2 Rae8 20. Rxe8 Rxe8 21. Rd2 d5 22. b3 Ba6 23. Na4 g5 24. h3 h5 25. Rd1 g4 26. hxg4 hxg4 27. Nd4 Nxd4 28. Rxd4 f5 29. Nxb6 g3 30. Rd1 Re2 31. Rc1 d4 32. Na4 d3 33. Nc3 Rxc2 0-1

[Event "Aurora Summer op"]
[Site "Aurora CAN"]
[Date "2014.07.05"]
[Round "1.12"]
[White "Bluvshtein, Ilia"]
[Black "Vettese, Nicholas"]
[Result "1/2-1/2"]
[WhiteElo "2218"]
[BlackElo "1949"]
[PlyCount "115"]
[GameId "2160767909086550"]
[EventDate "2014.07.05"]
[EventType "swiss"]
[EventRounds "5"]
[EventCountry "CAN"]
[SourceTitle "EXT 2022"]
[Source "ChessBase"]
[SourceDate "2021.10.06"]
[SourceVersion "1"]
[SourceVersionDate "2021.10.06"]
[SourceQuality "1"]

1. e4 c5 2. Nf3 d6 3. d4 cxd4 4. Nxd4 Nf6 5. Nc3 a6 6. Bg5 e6 7. f4 Nbd7 8. Qf3 Qc7 9. O-O-O b5 10. Bxf6 gxf6 11. f5 e5 12. Nd5 Qa7 13. Ne6 fxe6 14. fxe6 Nc5 15. Nxf6+ Kd8 16. Nd7 Nxd7 17. exd7 Bxd7 18. Qf6+ Kc7 19. Kb1 Rg8 20. c4 Qe3 21. c5 Qxe4+ 22. Bd3 Qf4 23. cxd6+ Kb6 24. Qxf4 exf4 25. Bxh7 Rg7 26. Be4 Bc6 27. Bxc6 Kxc6 28. Rd4 Rd8 29. Rxf4 Bxd6 30. Rf2 Rdg8 31. g3 Rh7 32. a3 Kb7 33. Rd1 Bc7 34. Rd3 Rgh8 35. Rdd2 Rh3 36. Ka2 R8h7 37. Kb3 Bb6 38. Rg2 Re7 39. Rd3 Rc7 40. a4 Rc1 41. axb5 axb5 42. Kb4 Ka6 43. Ra3+ Kb7 44. Kxb5 Rh1 45. Re2 Rh5+ 46. Ka4 R5xh2 47. Re7+ Kc6 48. Re6+ Kb7 49. Rb3 Ra1+ 50. Kb4 Rc2 51. g4 Ra6 52. Re7+ Kc6 53. Rc3+ Rxc3 54. Kxc3 Ra5 55. b4 Rg5 56. Re4 Kd5 57. Kd3 Re5 58. Rxe5+ 1/2-1/2

[Event "Aurora Summer op"]
[Site "Aurora CAN"]
[Date "2014.07.05"]
[Round "2.9"]
[White "Vettese, Nicholas"]
[Black "Tonakanian, Stephan"]
[Result "0-1"]
[WhiteElo "1949"]
[BlackElo "2025"]
[PlyCount "56"]
[GameId "2160767909086558"]
[EventDate "2014.07.05"]
[EventType "swiss"]
[EventRounds "5"]
[EventCountry "CAN"]
[SourceTitle "EXT 2022"]
[Source "ChessBase"]
[SourceDate "2021.10.06"]
[SourceVersion "1"]
[SourceVersionDate "2021.10.06"]
[SourceQuality "1"]

1. e4 e6 2. d4 d5 3. Nd2 dxe4 4. Nxe4 Nd7 5. Nf3 Ngf6 6. Nxf6+ Nxf6 7. Bg5 Be7 8. c3 O-O 9. Qc2 b6 10. Bd3 h6 11. h4 Bb7 12. O-O-O a5 13. Ne5 a4 14. f3 a3 15. b3 Nd5 16. Bxe7 Qxe7 17. Qd2 c5 18. c4 Nb4 19. dxc5 bxc5 20. Bb1 Nc6 21. Nxc6 Bxc6 22. Qd6 Qf6 23. Rd2 Rfd8 24. Qxc5 Rxd2 25. Kxd2 Qb2+ 26. Ke3 f5 27. Qxc6 f4+ 28. Ke4 Qe2+ 0-1

[Event "Aurora Summer op"]
[Site "Aurora CAN"]
[Date "2014.07.06"]
[Round "4.11"]
[White "Noritsyn, Sergey"]
[Black "Vettese, Nicholas"]
[Result "1-0"]
[WhiteElo "2087"]
[BlackElo "1949"]
[PlyCount "61"]
[GameId "2160767909086584"]
[EventDate "2014.07.05"]
[EventType "swiss"]
[EventRounds "5"]
[EventCountry "CAN"]
[SourceTitle "EXT 2022"]
[Source "ChessBase"]
[SourceDate "2021.10.06"]
[SourceVersion "1"]
[SourceVersionDate "2021.10.06"]
[SourceQuality "1"]

1. e4 c5 2. Nf3 d6 3. c3 Nf6 4. h3 Nc6 5. Bd3 e5 6. Bc2 g6 7. O-O Bg7 8. d4 O-O 9. Be3 exd4 10. cxd4 cxd4 11. Nxd4 d5 12. Nc3 Nxd4 13. Bxd4 dxe4 14. Bc5 Re8 15. Qe2 Qc7 16. Bd4 Be6 17. b3 Rac8 18. Rac1 Nd5 19. Nb5 Qf4 20. g3 Qh6 21. Bxg7 Qxh3 22. Bxe4 Bg4 23. Qd3 Kxg7 24. Qxd5 Be2 25. Nd6 Rxe4 26. Qxe4 Rxc1 27. Rxc1 Qh5 28. Qd4+ Kf8 29. Rc8+ Ke7 30. Re8+ Kd7 31. Nf5+ 1-0

[Event "Aurora Summer op"]
[Site "Aurora CAN"]
[Date "2014.07.06"]
[Round "5.13"]
[White "Zhong, Joey"]
[Black "Vettese, Nicholas"]
[Result "1-0"]
[WhiteElo "1963"]
[BlackElo "1949"]
[PlyCount "75"]
[GameId "2160767909086600"]
[EventDate "2014.07.05"]
[EventType "swiss"]
[EventRounds "5"]
[EventCountry "CAN"]
[SourceTitle "EXT 2022"]
[Source "ChessBase"]
[SourceDate "2021.10.06"]
[SourceVersion "1"]
[SourceVersionDate "2021.10.06"]
[SourceQuality "1"]

1. e4 c5 2. Nc3 Nc6 3. Nf3 d6 4. d4 cxd4 5. Nxd4 Nf6 6. Be2 g6 7. O-O Bg7 8. Bg5 O-O 9. Nb3 Be6 10. f4 Na5 11. Kh1 Nc4 12. Bxc4 Bxc4 13. Re1 Qc7 14. Nd5 Nxd5 15. exd5 Rfe8 16. c3 a5 17. Qf3 a4 18. Nd2 Ba6 19. a3 h6 20. Bh4 b5 21. Rad1 Bb7 22. Qd3 Ra5 23. f5 g5 24. f6 Bxf6 25. Ne4 Bg7 26. Bxg5 hxg5 27. Nxg5 Bc8 28. Qh7+ Kf8 29. Rf1 f6 30. Qg6 e5 31. Rxf6+ Bxf6 32. Qxf6+ Kg8 33. Qg6+ Qg7 34. Qxe8+ Qf8 35. Qh5 Qf5 36. Kg1 Ra7 37. Rf1 Qd7 38. Ne6 1-0

[Event "Thanksgiving op U1900"]
[Site "Toronto CAN"]
[Date "2013.10.12"]
[Round "1"]
[White "Vettese, Nicholas"]
[Black "Supsup, Ferdinand"]
[Result "0-1"]
[WhiteElo "1666"]
[BlackElo "1826"]
[PlyCount "70"]
[GameId "2160767909229183"]
[EventDate "2013.10.12"]
[EventType "swiss"]
[EventRounds "6"]
[EventCountry "CAN"]

1. e4 c5 2. Nf3 d6 3. d4 cxd4 4. Nxd4 Nf6 5. Nc3 a6 6. g3 e5 7. Nb3 Be6 8. Bg2 Be7 9. O-O b5 10. h3 h5 11. Be3 Nbd7 12. f4 Qc7 13. Nd5 Bxd5 14. exd5 Rc8 15. Rc1 Nb6 16. Bxb6 Qxb6+ 17. Kh2 Ng4+ 18. hxg4 hxg4+ 19. Bh3 Rxh3+ 20. Kg2 f5 21. fxe5 Qe3 22. Qe1 Qh6 23. Rh1 f4 24. gxf4 Qxf4 25. Rxh3 gxh3+ 26. Kxh3 Rc4 27. Qg3 Qf5+ 28. Kh2 Rh4+ 29. Qxh4 Bxh4 30. Rg1 Qxe5+ 31. Kh3 g5 32. c3 Bf2 33. Rg2 Qf5+ 34. Rg4 Qf3+ 35. Kh2 Qxg4 0-1

[Event "NAYCC U10"]
[Site "Toronto CAN"]
[Date "2013.08.14"]
[Round "1"]
[White "Jeyakumar, Yathushan"]
[Black "Vettese, Nicholas"]
[Result "0-1"]
[WhiteElo "849"]
[BlackElo "1516"]
[PlyCount "22"]
[GameId "2160767909258717"]
[EventDate "2013.08.14"]
[EventType "swiss"]
[EventRounds "9"]
[EventCountry "CAN"]
[SourceTitle "hb 2013"]

1. e4 e5 2. Nf3 Nc6 3. Nc3 Nf6 4. Bb5 Bb4 5. Bxc6 dxc6 6. Nxe5 Nxe4 7. Nxe4 Qd4 8. Qf3 Qxe5 9. c3 Ba5 10. O-O O-O 11. Qg4 f5 0-1

[Event "NAYCC U10"]
[Site "Toronto CAN"]
[Date "2013.08.15"]
[Round "2"]
[White "Vettese, Nicholas"]
[Black "Hua, Eugene"]
[Result "1/2-1/2"]
[WhiteElo "1516"]
[BlackElo "1775"]
[PlyCount "205"]
[GameId "2160767909258758"]
[EventDate "2013.08.14"]
[EventType "swiss"]
[EventRounds "9"]
[EventCountry "CAN"]
[SourceTitle "EXT 2022"]
[Source "ChessBase"]
[SourceDate "2021.10.06"]
[SourceVersion "1"]
[SourceVersionDate "2021.10.06"]
[SourceQuality "1"]

1. e4 e5 2. Nf3 Nc6 3. Bc4 Bc5 4. c3 Nf6 5. d3 O-O 6. Nbd2 a5 7. Bb3 d5 8. exd5 Nxd5 9. Ne4 Be7 10. O-O f5 11. Ng3 Kh8 12. h3 Qd6 13. Re1 Bd7 14. Ba4 Bf6 15. Nh5 Rae8 16. Nxf6 Rxf6 17. Bxc6 Bxc6 18. d4 exd4 19. Rxe8+ Bxe8 20. Qxd4 Re6 21. Bd2 c5 22. Qd3 g6 23. Re1 Rxe1+ 24. Bxe1 Qe6 25. Bd2 Nf6 26. b3 b5 27. Qe3 Qxe3 28. Bxe3 Ne4 29. Bf4 Kg8 30. Be5 Bf7 31. Kf1 c4 32. b4 axb4 33. cxb4 c3 34. a3 Bc4+ 35. Ke1 Kf7 36. Bf4 Ke6 37. Ng5+ Nxg5 38. Bxg5 Ke5 39. g3 Kd4 40. Kd1 Kd3 41. Be3 c2+ 42. Kc1 Kc3 43. Bf4 Kb3 44. Bd2 Bd3 45. h4 Kxa3 46. Be1 Kb3 47. Bd2 Be2 48. Be1 Bd1 49. Bd2 Kc4 50. Kb2 Kd3 51. Be3 Bf3 52. Kc1 Be4 53. Bd2 Ke2 54. Be3 Bd3 55. Bd4 Kf3 56. Be3 Be4 57. Kd2 Kg4 58. Bf4 Kh5 59. Be3 h6 60. Kc1 g5 61. hxg5 hxg5 62. Bd2 Kg4 63. Be3 Bd3 64. Bd4 Kf3 65. Be3 g4 66. Kd2 Ke4 67. Bf4 Kd4 68. Bd6 Be4 69. Bc5+ Kc4 70. Bd6 Kb3 71. Kc1 Bf3 72. Bc5 Kc3 73. Bd6 Be4 74. Bc5 Kd3 75. Be3 Bd5 76. Bc5 Bb3 77. Be3 Ke4 78. Bf4 Kf3 79. Be3 f4 80. Bxf4 Kxf2 81. Be5 Ke2 82. Bf4 Kd3 83. Be5 Bd5 84. Bd6 Be4 85. Be5 Kc4 86. Bd6 Kc3 87. Bc5 Bf3 88. Bd6 Kb3 89. Bc5 Be4 90. Bd6 Ka2 91. Bc5 Ka1 92. Bd6 Bd3 93. Bc5 Ka2 94. Bd6 Kb3 95. Bc5 Kc4 96. Bd6 Kd5 97. Bc5 Bf5 98. Bf2 Ke4 99. Bc5 Kf3 100. Bd6 Bd3 101. Bf4 Ke4 102. Bd6 Ke3 103. Bf4+ 1/2-1/2

[Event "NAYCC U10"]
[Site "Toronto CAN"]
[Date "2013.08.15"]
[Round "3"]
[White "Baradaran, Arman"]
[Black "Vettese, Nicholas"]
[Result "1-0"]
[WhiteElo "1832"]
[BlackElo "1516"]
[PlyCount "103"]
[GameId "2160767909258765"]
[EventDate "2013.08.14"]
[EventType "swiss"]
[EventRounds "9"]
[EventCountry "CAN"]
[SourceTitle "EXT 2022"]
[Source "ChessBase"]
[SourceDate "2021.10.06"]
[SourceVersion "1"]
[SourceVersionDate "2021.10.06"]
[SourceQuality "1"]

1. d4 d5 2. c4 e6 3. Nc3 Nf6 4. Bg5 Nbd7 5. e3 c6 6. Nf3 h6 7. Bf4 Nh5 8. Bg3 Nxg3 9. hxg3 Nf6 10. Bd3 Be7 11. Qc2 O-O 12. O-O Bd6 13. e4 dxe4 14. Nxe4 Nxe4 15. Bxe4 Bd7 16. Ne5 Bxe5 17. dxe5 Qc7 18. Qc3 c5 19. Rad1 Bc6 20. Bxc6 Qxc6 21. Rd6 Qc7 22. Rfd1 Rfd8 23. Qd2 Rxd6 24. Qxd6 Rc8 25. Qd7 Kf8 26. f4 Qc6 27. Rd6 Qc7 28. g4 Qxd7 29. Rxd7 Rb8 30. Rc7 b6 31. Rxa7 Rd8 32. Rb7 Rd4 33. Rxb6 Rxf4 34. b3 Re4 35. a4 Rxe5 36. a5 Re1+ 37. Kf2 Ra1 38. Rb5 Ke7 39. Rxc5 Kd6 40. Rb5 Kc6 41. Rb6+ Kc7 42. b4 Rd1 43. c5 Rd8 44. a6 Kc8 45. Rb7 Rd2+ 46. Kg3 Ra2 47. b5 Ra5 48. c6 f6 49. a7 g5 50. b6 Ra3+ 51. Kh2 Ra6 52. Rb8# 1-0

[Event "NAYCC U10"]
[Site "Toronto CAN"]
[Date "2013.08.16"]
[Round "4"]
[White "Vettese, Nicholas"]
[Black "Moreno Vasquez, Esteban"]
[Result "1-0"]
[WhiteElo "1516"]
[BlackElo "1717"]
[PlyCount "91"]
[GameId "2160767909258814"]
[EventDate "2013.08.14"]
[EventType "swiss"]
[EventRounds "9"]
[EventCountry "CAN"]
[SourceTitle "hb 2013"]

1. e4 c5 2. Nf3 d6 3. d4 cxd4 4. Nxd4 Nf6 5. Nc3 g6 6. f3 Bg7 7. Be3 O-O 8. Qd2 Nc6 9. O-O-O Bd7 10. g4 h5 11. h3 Rc8 12. Rg1 Na5 13. Bh6 Nc4 14. Bxc4 Rxc4 15. Bxg7 Kxg7 16. Qg5 Rh8 17. Nf5+ Kf8 18. Ng3 Rc5 19. Nd5 e6 20. Qxf6 Qxf6 21. Nxf6 Ke7 22. Nxd7 Kxd7 23. Rh1 Rhc8 24. Rd2 b5 25. Rhd1 R8c6 26. Ne2 hxg4 27. hxg4 e5 28. c3 a5 29. Rd5 Rxd5 30. Rxd5 Rc5 31. Rxc5 dxc5 32. Kc2 Kd6 33. c4 b4 34. Kb3 Kc6 35. Ka4 Kb6 36. Nc1 f6 37. Nb3 Ka6 38. Nxc5+ Kb6 39. Nd7+ Kc6 40. Nxf6 Kc5 41. Nd7+ Kxc4 42. Nxe5+ Kd4 43. Nxg6 Ke3 44. e5 Kxf3 45. e6 Kxg4 46. e7 1-0

[Event "NAYCC U10"]
[Site "Toronto CAN"]
[Date "2013.08.16"]
[Round "5"]
[White "Yaskolko, Maxim"]
[Black "Vettese, Nicholas"]
[Result "1-0"]
[WhiteElo "1741"]
[BlackElo "1516"]
[PlyCount "113"]
[GameId "2160767909258846"]
[EventDate "2013.08.14"]
[EventType "swiss"]
[EventRounds "9"]
[EventCountry "CAN"]
[SourceTitle "EXT 2022"]
[Source "ChessBase"]
[SourceDate "2021.10.06"]
[SourceVersion "1"]
[SourceVersionDate "2021.10.06"]
[SourceQuality "1"]

1. e4 e5 2. Nf3 Nc6 3. Bb5 f5 4. d3 d6 5. O-O Nf6 6. Nc3 Be7 7. Re1 O-O 8. Bd2 a6 9. Bc4+ Kh8 10. a3 Qe8 11. h3 h6 12. Kh1 Qh5 13. Nh2 Nd4 14. Rc1 Qxd1 15. Rexd1 fxe4 16. dxe4 c5 17. Re1 b5 18. Ba2 Bb7 19. f3 Rae8 20. Ne2 Nxe2 21. Rxe2 Nh5 22. Nf1 Nf4 23. Ree1 Bg5 24. Kh2 Ne6 25. Rcd1 Rf6 26. Bxg5 Nxg5 27. Ne3 Rd8 28. Nd5 Bxd5 29. Bxd5 Ne6 30. Ba2 Nd4 31. c3 Ne6 32. Rd2 Nc7 33. Rf1 g5 34. g3 Kg7 35. c4 Ne6 36. Rg2 Nd4 37. f4 Kh7 38. f5 h5 39. Rd2 Kg7 40. Kg2 Kf8 41. Rdf2 Ra8 42. Rb1 a5 43. cxb5 Nxb5 44. Bb3 Nd4 45. Bd1 Rh6 46. b4 Rb8 47. Rfb2 axb4 48. axb4 cxb4 49. Rxb4 Rxb4 50. Rxb4 Ke7 51. Rb7+ Kf8 52. Rd7 Kg8 53. Kf2 h4 54. g4 Nb5 55. Ba4 Nc3 56. Bc6 Na2 57. Bd5+ 1-0

[Event "NAYCC U10"]
[Site "Toronto CAN"]
[Date "2013.08.17"]
[Round "6"]
[White "Vettese, Nicholas"]
[Black "Klement, Ido"]
[Result "1-0"]
[WhiteElo "1516"]
[BlackElo "1130"]
[PlyCount "87"]
[GameId "2160767909258873"]
[EventDate "2013.08.14"]
[EventType "swiss"]
[EventRounds "9"]
[EventCountry "CAN"]
[SourceTitle "EXT 2022"]
[Source "ChessBase"]
[SourceDate "2021.10.06"]
[SourceVersion "1"]
[SourceVersionDate "2021.10.06"]
[SourceQuality "1"]

1. e4 e6 2. d4 d5 3. e5 c5 4. c3 Nc6 5. Nf3 Qb6 6. a3 c4 7. Qc2 Bd7 8. Bf4 Na5 9. Nbd2 f6 10. Be2 Be7 11. O-O Nb3 12. Nxb3 Ba4 13. Nfd2 Bxb3 14. Nxb3 Qxb3 15. Qxb3 cxb3 16. Bd1 a5 17. Bxb3 b5 18. Rfe1 Ra6 19. Re2 Kf7 20. f3 fxe5 21. Bxe5 Nf6 22. Bc2 g6 23. Bd3 Rb6 24. Bc7 Rb7 25. Bxa5 Ra8 26. Bb4 Bxb4 27. cxb4 Nh5 28. g3 Rf8 29. Rc1 Ke7 30. Kg2 Ng7 31. Rc5 Kd6 32. Rxb5 Rxb5 33. Bxb5 Nf5 34. Rd2 Rc8 35. Kf2 e5 36. dxe5+ Kxe5 37. Bd7 Rd8 38. Bxf5 gxf5 39. Ke3 Rf8 40. a4 f4+ 41. gxf4+ Rxf4 42. Rxd5+ Kxd5 43. Kxf4 Kc4 44. a5 1-0

[Event "NAYCC U10"]
[Site "Toronto CAN"]
[Date "2013.08.17"]
[Round "7"]
[White "Guo, Ryan"]
[Black "Vettese, Nicholas"]
[Result "0-1"]
[WhiteElo "1007"]
[BlackElo "1516"]
[PlyCount "68"]
[GameId "2160767909258889"]
[EventDate "2013.08.14"]
[EventType "swiss"]
[EventRounds "9"]
[EventCountry "CAN"]
[SourceTitle "hb 2013"]

1. c4 e5 2. b3 Nf6 3. Bb2 Nc6 4. a3 a5 5. Nc3 d6 6. g3 Bf5 7. Bg2 Qd7 8. e4 Bg6 9. d3 Be7 10. Bh3 Qd8 11. Nge2 O-O 12. O-O Bh5 13. f3 Nd7 14. g4 Bg6 15. Ng3 Bg5 16. Nd5 Ne7 17. Qe2 Nxd5 18. cxd5 Bf4 19. Rac1 Bxc1 20. Rxc1 h6 21. Nf1 Re8 22. Qe3 Re7 23. d4 Nb6 24. Nd2 Bh7 25. Nc4 Nxc4 26. Rxc4 f6 27. f4 exf4 28. Qxf4 Rxe4 29. Qg3 b6 30. Qc3 Ra7 31. Qg3 Qe7 32. Rc1 Re3 33. Qh4 Rxb3 34. Rb1 Bxb1 0-1

[Event "NAYCC U10"]
[Site "Toronto CAN"]
[Date "2013.08.18"]
[Round "8"]
[White "Vettese, Nicholas"]
[Black "Liu, Daniel1"]
[Result "0-1"]
[WhiteElo "1516"]
[BlackElo "1627"]
[PlyCount "58"]
[GameId "2160767909258933"]
[EventDate "2013.08.14"]
[EventType "swiss"]
[EventRounds "9"]
[EventCountry "CAN"]
[SourceTitle "EXT 2022"]
[Source "ChessBase"]
[SourceDate "2021.10.06"]
[SourceVersion "1"]
[SourceVersionDate "2021.10.06"]
[SourceQuality "1"]

1. e4 e5 2. Nf3 Nc6 3. Bc4 Bc5 4. c3 Nf6 5. d3 d6 6. Nbd2 O-O 7. O-O Be6 8. Bb3 h6 9. h3 Qd7 10. Re1 a5 11. Nf1 b5 12. Be3 Bxe3 13. Nxe3 a4 14. Bxe6 fxe6 15. Nc2 Nh5 16. g3 Qf7 17. Kg2 Qg6 18. Nh4 Rxf2+ 19. Kxf2 Qxg3+ 20. Ke2 Qh2+ 21. Ng2 Qxg2+ 22. Ke3 Qg5+ 23. Ke2 Ng3+ 24. Kf2 Rf8+ 25. Kg2 Ne2+ 26. Kh1 Rf2 27. Rg1 Ng3+ 28. Rxg3 Qxg3 29. Qg4 Rh2# 0-1